000 03343njm a2200529Ia 4500
001 24679
003 IT-RoPAU
005 20220918181120.0
008 131025s9999 xx 000 0 und d
040 _aIT-RoPAU
040 _cIT-RoPAU
041 _aITALIANO
999 _c99738
_d99738
999 _bNO
100 _aAA.VV.
_9794
100 _eAutore musica
_911555
100 _gCodice autore musica SPICS: 12000
_9796
245 _aVenticinque anni di successi
250 _a1a ed.
260 _aITALIA
260 _bVIS RADIO
300 _aDISCO
500 _aICanzone italiana. I migliori successi della canzone italiana interpretati da Luciano Tajoli
505 _aScrivimi - Miniera - Perdonami - Spazzacamino - Violino tzigano - Mamma - Terra straniera - Ti voglio baciar - Al di là - Emigrante - Mai e poi mai - Balocchi e profumi - Arrotino - Campane di monte Nevoso - Voce di strada - Credimi
650 _aCANZONE ITALIAN [DISCHI]
_eCodice MATERIA SPICS: 9950
_911556
700 _aTajoli Luciano
_gCodice interprete SPICS: 1153
_eInterprete
_911557
700 _aRaimondo Giovanni
_gCodice autore musica SPICS: 13444
_eAutore musica
_pScrivimi - Miniera
_911558
700 _aFrati Enrico
_gCodice autore testo/musica SPICS: 13443
_eAutore testo/musica
_pScrivimi - Miniera
_911559
700 _aSarra
_gCodice autore musica SPICS: 13447
_eAutore musica
_pPerdonami
_911560
700 _aMorbelli Riccardo
_gCodice autore testo/musica SPICS: 13446
_eAutore testo/musica
_pPerdonami
_911561
700 _aRusconi Gerardo
_gCodice autore musica SPICS: 13276
_eAutore musica
_pSpazzacamino
_911562
700 _aCherubini Bixio
_gCodice autore testo/musica SPICS: 13442
_eAutore testo/musica
_pSpazzacamino - Violino tzigano - Mamma - Campane di monte Nevoso - Voce di strada
_911563
700 _aBixio Cesare Andrea
_gCodice autore musica SPICS: 13441
_eAutore musica
_pViolino tzigano - Mamma - Voce di strada
_911564
700 _aMarletta
_gCodice autore musica SPICS: 15757
_eAutore musica
_911565
700 _aLeberati
_gCodice autore testo/musica SPICS: 15758
_eAutore testo/musica
_pTerra straniera
_911566
700 _aMascheroni Vittorio
_gCodice autore testo/musica SPICS: 13134
_eAutore testo/musica
_pTi voglio baciar
_911567
700 _aDonida Carlo
_gCodice autore musica SPICS: 13649
_eAutore musica
_pAl di là
_911568
700 _aMogol (Rapetti Giulio)
_gCodice autore testo/musica SPICS: 13643
_eAutore testo/musica
_pAl di là
_911569
700 _aMaraviglia
_gCodice autore musica SPICS: 15759
_eAutore musica
_pEmigrante
_911570
700 _aTajoli Luciano
_gCodice autore testo/musica SPICS: 1153
_eAutore testo/musica
_pEmigrante
_911571
700 _aGodini
_gCodice autore musica SPICS: 15761
_eAutore musica
_pMai e poi mai - Credimi
_911572
700 _aNatili
_gCodice autore testo/musica SPICS: 15760
_eAutore testo/musica
_pMai e poi mai - Credimi
_911573
700 _aMario E.A. (Gaeta Giovanni)
_gCodice autore testo/musica SPICS: 13440
_eAutore testo/musica
_pBalocchi e profumi
_911574
700 _aBracchi Alfredo
_gCodice autore musica SPICS: 13448
_eAutore musica
_pArrotino
_911575
700 _aMartinelli Ferruccio
_gCodice autore testo/musica SPICS: 15762
_eAutore testo/musica
_pArrotino
_911576
700 _aConcina Carlo
_gCodice autore musica SPICS: 13632
_eAutore musica
_pCampane di monte Nevoso
_911577
942 _cMD
_2ddc